LEADER 01656nam 2200481 450 001 9910528026603321 005 20200520144314.0 010 $a1-61705-045-8 035 $a(CKB)4340000000206879 035 $a(MiAaPQ)EBC5090148 035 $a(Au-PeEL)EBL5090148 035 $a(CaPaEBR)ebr11450469 035 $a(OCoLC)1006392084 035 $a(EXLCZ)994340000000206879 100 $a20170405h20182018 uy| 0 101 0 $aeng 135 $aurcnu|||||||| 181 $2rdacontent 182 $2rdamedia 183 $2rdacarrier 200 10$aAtlas of pulmonary cytopathology $ewith histopathologic correlations /$fChristopher J. VandenBussche [and four others] 210 1$aNew York :$cDemos Medical Publishing,$d[2018] 210 4$d©2018 215 $a1 online resource (219 pages) $ccolor illustrations 311 $a1-936287-16-1 320 $aIncludes bibliographical references and index. 327 $aLung radiology -- Normal lung -- Reactive changes and benign lung lesions -- Infectious lung lesions -- Benign lung neoplasms -- Malignant lung neoplasms -- Unusual and metastatic lesions. 606 $aLungs$xDiseases$xPathology 606 $aLungs$xDiseases$xDiagnosis 606 $aCytodiagnosis 608 $aElectronic books. 615 0$aLungs$xDiseases$xPathology. 615 0$aLungs$xDiseases$xDiagnosis. 615 0$aCytodiagnosis. 676 $a616.2/4 700 $aVandenBussche$b Christopher J.$01085144 801 0$bMiAaPQ 801 1$bMiAaPQ 801 2$bMiAaPQ 906 $aBOOK 912 $a9910528026603321 996 $aAtlas of pulmonary cytopathology$92650421 997 $aUNINA LEADER 01216nam a22002891i 4500 001 991001416309707536 005 20030220093648.0 008 021230s1987 it a||||||||||||||||ita 020 $a8822234901 035 $ab12144046-39ule_inst 035 $aARCHE-023384$9ExL 040 $aDip.to Filologia Ling. e Lett.$bita$cA.t.i. Arché s.c.r.l. Pandora Sicilia s.r.l. 082 04$a851.7 100 1 $aPeruzzi, Emilio$0446041 245 13$aIl canto di Simonide, Odi, Melisso, Raffaele d'Urbino, Il supplemento generale, Agli amici suoi di Toscana /$cEmilio Peruzzi 260 $aFirenze :$bOlschki,$c1987 300 $a205 p. :$bill. ;$c21 cm 440 0$aStudi leopardiani ;$v2 440 0$aSaggi di Lettere italiane ;$v36 650 4$aLeopardi, Giacomo 650 4$aTipografia$xTortona$ySec. 16.-17. 907 $a.b12144046$b02-04-14$c01-04-03 912 $a991001416309707536 945 $aLE008 FL.M. VIII F 109$cV. 2$g1$i2008000321994$lle008$o-$pE0.00$q-$rl$s- $t0$u0$v0$w0$x0$y.i12470338$z01-04-03 996 $aCanto di Simonide, Odi, Melisso, Raffaele d'Urbino, Il supplemento generale, Agli amici suoi di Toscana$9149186 997 $aUNISALENTO 998 $ale008$b01-04-03$cm$da $e-$fita$git $h3$i1